Kompendium franchisingu
Na minha lista:
| Autor principal: | |
|---|---|
| Outros Autores: | , , , |
| Formato: | Livro |
| Idioma: | eslovaco |
| Publicado em: |
Praha
Wolters Kluwer
2017
|
| Edição: | 1. vyd. |
| Assuntos: | |
| Tags: |
Sem tags, seja o primeiro a adicionar uma tag!
|
MARC
| LEADER | 00000nam a2200000 4500 | ||
|---|---|---|---|
| 001 | 0236787 | ||
| 005 | 20240502083632.9 | ||
| 020 | |a 978-80-7552-853-7 | ||
| 020 | |a 978-80-7552-854-4 | ||
| 041 | 0 | |a slo | |
| 044 | |a CZ | ||
| 245 | 1 | 0 | |a Kompendium franchisingu |c Jozef Orgonáš, Jozef Šétaffy, Pavol Rak ; recenzovali: Lenka Turnerová, Richard Churý |
| 250 | |a 1. vyd. | ||
| 264 | 1 | |a Praha |b Wolters Kluwer |c 2017 | |
| 300 | |a 184 s. [15,6 AH] | ||
| 500 | |a Monografia je zároveň habilitačnou prácou | ||
| 610 | 2 | 0 | |a franchising |
| 610 | 2 | 0 | |a zmluvy |
| 610 | 2 | 0 | |a zmluvy licenčné |
| 610 | 2 | 0 | |a etika podnikateľská |
| 610 | 2 | 0 | |a hospodárstvo národné |
| 610 | 2 | 0 | |a známky ochranné |
| 610 | 2 | 0 | |a vzdelávanie |
| 610 | 2 | 0 | |a poplatky |
| 610 | 2 | 0 | |a Slovensko |
| 100 | 1 | |a Orgonáš, Jozef, 1957- | |
| 700 | 1 | |a Šétaffy, Jozef | |
| 700 | 1 | |a Rak, Pavol | |
| 700 | 1 | |a Turnerová, Lenka | |
| 700 | 1 | |a Churý, Richard | |